[Event "Mike Shpan mem."]
[Site "Winnipeg CAN"]
[Date "2007.12.11"]
[Round "6"]
[White "Swift, Ryne"]
[Black "Wierda, John"]
[Result "0-1"]
[WhiteElo "1216"]
[BlackElo "1713"]
[PlyCount "20"]
[GameId "2160767910574443"]
[EventDate "2007.11.06"]
[EventType "swiss"]
[EventRounds "6"]
[EventCountry "CAN"]
[SourceTitle "EXT 2022"]
[Source "ChessBase"]
[SourceDate "2021.10.06"]
[SourceVersion "1"]
[SourceVersionDate "2021.10.06"]
[SourceQuality "1"]

1. e4 e5 2. Nf3 Nf6 3. Nc3 d5 4. exd5 Nxd5 5. Bc4 Nxc3 6. bxc3 Be7 7. O-O Bf6 8. Ba3 Nc6 9. Re1 a6 10. Rb1 Ne7 0-1

[Event "Monarque blanc"]
[Site "Gatineau CAN"]
[Date "2007.01.16"]
[Round "1"]
[White "Arsenault, Michel"]
[Black "Iyamuremye, Gervais"]
[Result "1-0"]
[WhiteElo "2053"]
[BlackElo "1539"]
[PlyCount "97"]
[GameId "2160767910726824"]
[EventDate "2007.01.16"]
[EventType "swiss"]
[EventRounds "7"]
[EventCountry "CAN"]
[SourceTitle "EXT 2022"]
[Source "ChessBase"]
[SourceDate "2021.10.06"]
[SourceVersion "1"]
[SourceVersionDate "2021.10.06"]
[SourceQuality "1"]

1. c4 e5 2. g3 Nf6 3. Bg2 Be7 4. Nc3 c6 5. d4 d6 6. Nf3 e4 7. Ng5 d5 8. cxd5 cxd5 9. O-O h6 10. Nh3 O-O 11. f3 Bf5 12. Nf2 exf3 13. Bxf3 Be6 14. Bf4 Nc6 15. Qd2 Bb4 16. Rfd1 Bxc3 17. Qxc3 Qa5 18. Rac1 Qxc3 19. Rxc3 Rfc8 20. g4 g5 21. Bg3 Na5 22. Rdc1 Rxc3 23. Rxc3 Nc4 24. h3 Rc8 25. Be5 Nd7 26. b3 Ncb6 27. Rxc8+ Nxc8 28. Bc7 Ne7 29. Nd1 Nc6 30. e3 Nb4 31. Nc3 b6 32. Bd6 Nc2 33. Kf2 f5 34. Bxd5 Bxd5 35. Nxd5 fxg4 36. hxg4 Kf7 37. Nc7 Nf6 38. Kf3 Ne1+ 39. Kf2 Nc2 40. Kf3 Ne1+ 41. Ke2 Ng2 42. Nb5 Ne8 43. Bb8 a6 44. Nd6+ Nxd6 45. Bxd6 Nh4 46. Kd3 Ng6 47. Kc4 Ke6 48. Bc7 b5+ 49. Kc5 1-0

[Event "Monarque blanc"]
[Site "Gatineau CAN"]
[Date "2007.01.16"]
[Round "1"]
[White "Blouin, Francois"]
[Black "Brousseau, Yvan"]
[Result "0-1"]
[WhiteElo "1519"]
[BlackElo "2011"]
[PlyCount "120"]
[GameId "2160767910726825"]
[EventDate "2007.01.16"]
[EventType "swiss"]
[EventRounds "7"]
[EventCountry "CAN"]
[SourceTitle "EXT 2022"]
[Source "ChessBase"]
[SourceDate "2021.10.06"]
[SourceVersion "1"]
[SourceVersionDate "2021.10.06"]
[SourceQuality "1"]

1. e4 d5 2. exd5 Qxd5 3. Nc3 Qa5 4. Nf3 Nf6 5. Be2 c6 6. O-O Bf5 7. Nh4 Bg6 8. Nxg6 hxg6 9. d3 Qc7 10. g3 e6 11. Ne4 Nxe4 12. dxe4 Bd6 13. f4 Bc5+ 14. Kg2 Nd7 15. a3 O-O-O 16. Qe1 Nf6 17. Bf3 Qd7 18. e5 Nd5 19. c4 Nb6 20. b4 Bd4 21. Ra2 Nxc4 22. Rc2 b5 23. Qe4 Qd5 24. Qe2 Qd7 25. Qe4 Bb6 26. Rd1 Qc7 27. Rxd8+ Rxd8 28. Qxc6 a6 29. Rc3 Qxc6 30. Bxc6 Kc7 31. Bf3 Kb8 32. Be2 Rd4 33. Kf3 Kb7 34. Rd3 g5 35. Rxd4 Bxd4 36. Bxc4 bxc4 37. h4 gxh4 38. gxh4 g6 39. a4 Kc6 40. Ke4 Bc3 41. Ba3 Ba1 42. Bc1 Bc3 43. Ba3 Bd2 44. Kd4 c3 45. Kd3 Bxf4 46. Kxc3 Bxe5+ 47. Kc4 Bf6 48. b5+ axb5+ 49. axb5+ Kc7 50. Bc1 Bxh4 51. Bf4+ Kb7 52. Be3 f5 53. Kc5 Bg3 54. Bg1 Be5 55. Kc4 g5 56. Kd3 Kc7 57. Ke2 g4 58. Kd3 Kd6 59. Kc4 f4 60. Kd3 Kd5 0-1

[Event "Monarque blanc"]
[Site "Gatineau CAN"]
[Date "2007.01.16"]
[Round "1"]
[White "Charette, Jean Sebastien"]
[Black "Dallaire, Dominic"]
[Result "0-1"]
[WhiteElo "1387"]
[BlackElo "1878"]
[PlyCount "60"]
[GameId "2160767910726826"]
[EventDate "2007.01.16"]
[EventType "swiss"]
[EventRounds "7"]
[EventCountry "CAN"]
[SourceTitle "EXT 2022"]
[Source "ChessBase"]
[SourceDate "2021.10.06"]
[SourceVersion "1"]
[SourceVersionDate "2021.10.06"]
[SourceQuality "1"]

1. e4 e6 2. d4 d5 3. e5 c5 4. c3 Nc6 5. Be3 Qb6 6. Qd2 Bd7 7. Nf3 Rc8 8. b3 cxd4 9. Bxd4 Nxd4 10. Nxd4 f6 11. Qe3 fxe5 12. Qxe5 Nf6 13. Bd3 Bd6 14. Qe2 O-O 15. O-O a6 16. Qd2 Qc7 17. h3 Bf4 18. Qe2 e5 19. Nf5 Rce8 20. Ne3 e4 21. Bc2 Qe5 22. Ng4 Qg5 23. Bd1 Nxg4 24. hxg4 Qh4 25. g3 Bxg3 26. fxg3 Qxg3+ 27. Kh1 Rxf1+ 28. Qxf1 Rf8 29. Qe2 Rf2 30. Qxf2 Qxf2 0-1

[Event "Monarque blanc"]
[Site "Gatineau CAN"]
[Date "2007.01.16"]
[Round "1"]
[White "Chirokova, Elena"]
[Black "Chartrand, Jean Bruno"]
[Result "1-0"]
[WhiteElo "1300"]
[BlackElo "1836"]
[PlyCount "40"]
[GameId "2160767910726827"]
[EventDate "2007.01.16"]
[EventType "swiss"]
[EventRounds "7"]
[EventCountry "CAN"]
[SourceTitle "EXT 2022"]
[Source "ChessBase"]
[SourceDate "2021.10.06"]
[SourceVersion "1"]
[SourceVersionDate "2021.10.06"]
[SourceQuality "1"]

1. e4 c5 2. Nf3 d6 3. Bc4 Nf6 4. Nc3 a6 5. a4 Nc6 6. d3 Bg4 7. O-O e6 8. h3 Bh5 9. g4 Nxg4 10. hxg4 Bxg4 11. Bg5 Be7 12. Bf4 Nd4 13. Bg3 h5 14. Qc1 Nxf3+ 15. Kg2 Rh6 16. Rh1 h4 17. Qf4 Rg6 18. Bh2 Ne5 19. Qe3 Bf3+ 20. Kh3 Bg2# 1-0

[Event "Monarque blanc"]
[Site "Gatineau CAN"]
[Date "2007.01.16"]
[Round "1"]
[White "Cossette, Daniel"]
[Black "Pilon, Robert"]
[Result "1-0"]
[WhiteElo "2137"]
[BlackElo "1554"]
[PlyCount "81"]
[GameId "2160767910726828"]
[EventDate "2007.01.16"]
[EventType "swiss"]
[EventRounds "7"]
[EventCountry "CAN"]
[SourceTitle "EXT 2022"]
[Source "ChessBase"]
[SourceDate "2021.10.06"]
[SourceVersion "1"]
[SourceVersionDate "2021.10.06"]
[SourceQuality "1"]

1. e4 e6 2. d4 d5 3. Nc3 Bb4 4. exd5 exd5 5. Bd3 Nf6 6. Bg5 O-O 7. Nge2 Bg4 8. f3 Bh5 9. O-O c6 10. Nf4 Bg6 11. Bxg6 hxg6 12. Qd3 Qd6 13. Bxf6 Qxf6 14. Nce2 Bd6 15. g3 Nd7 16. Rae1 Qf5 17. Qxf5 gxf5 18. Nd3 Rae8 19. Nec1 f6 20. Kf2 Kf7 21. Nb3 b6 22. Nd2 Rh8 23. Rxe8 Rxh2+ 24. Kg1 Rxd2 25. Ra8 a5 26. Rf2 Rxf2 27. Kxf2 Ke7 28. c3 g5 29. b4 axb4 30. Nxb4 Bxb4 31. cxb4 Kd6 32. a4 Kc7 33. Ra7+ Kd6 34. a5 bxa5 35. bxa5 c5 36. a6 Nb6 37. dxc5+ Kxc5 38. Rf7 f4 39. gxf4 gxf4 40. a7 Na8 41. Rf8 1-0

[Event "Monarque blanc"]
[Site "Gatineau CAN"]
[Date "2007.01.16"]
[Round "1"]
[White "Desjardins, Michel"]
[Black "Baril Boudreau, Felix"]
[Result "1-0"]
[WhiteElo "1907"]
[BlackElo "1417"]
[PlyCount "83"]
[GameId "2160767910726829"]
[EventDate "2007.01.16"]
[EventType "swiss"]
[EventRounds "7"]
[EventCountry "CAN"]
[SourceTitle "EXT 2022"]
[Source "ChessBase"]
[SourceDate "2021.10.06"]
[SourceVersion "1"]
[SourceVersionDate "2021.10.06"]
[SourceQuality "1"]

1. e4 Nf6 2. Nc3 d5 3. e5 Nfd7 4. d4 e6 5. Nf3 c5 6. Ne2 Nc6 7. c3 Qb6 8. a3 a5 9. Nf4 a4 10. Be2 Qa5 11. O-O b6 12. Bd2 c4 13. Nh5 Qb5 14. Rb1 f6 15. Nf4 Kf7 16. exf6 gxf6 17. Qe1 Ne7 18. Bd1 Qc6 19. Qe2 Bh6 20. Re1 Bxf4 21. Bxf4 Ng6 22. Bg3 Ra7 23. Bc2 Ndf8 24. Qe3 h5 25. Nh4 Kg7 26. Qf3 b5 27. Re3 Re7 28. Rbe1 Qe8 29. h3 Qf7 30. Kf1 Re8 31. Nf5+ exf5 32. Rxe8 Qd7 33. Bh2 h4 34. Rxc8 Qxc8 35. Qxd5 Qd7 36. Qxd7+ Nxd7 37. Bxf5 Nb6 38. Re6 Nd5 39. Rd6 Ndf4 40. Rb6 Re8 41. Bxg6 Nxg6 42. Rxb5 1-0

[Event "Monarque blanc"]
[Site "Gatineau CAN"]
[Date "2007.01.16"]
[Round "1"]
[White "Gagnon, Fabien"]
[Black "Arsenault, Yves"]
[Result "1-0"]
[WhiteElo "1988"]
[BlackElo "1500"]
[PlyCount "101"]
[GameId "2160767910726830"]
[EventDate "2007.01.16"]
[EventType "swiss"]
[EventRounds "7"]
[EventCountry "CAN"]
[SourceTitle "EXT 2022"]
[Source "ChessBase"]
[SourceDate "2021.10.06"]
[SourceVersion "1"]
[SourceVersionDate "2021.10.06"]
[SourceQuality "1"]

1. d4 Nf6 2. Nf3 d5 3. g3 Bf5 4. Bg2 e6 5. O-O Nbd7 6. c4 c6 7. b3 Rc8 8. Bb2 Bb4 9. Ne5 O-O 10. Nd2 Re8 11. Ndf3 h6 12. h3 Ne4 13. a3 Ba5 14. Nxd7 Qxd7 15. Rc1 f6 16. b4 Bc7 17. Qb3 e5 18. cxd5 cxd5 19. dxe5 fxe5 20. Rfd1 Nf6 21. g4 Be4 22. Nd2 Bxg2 23. Kxg2 Qd6 24. e4 Kf8 25. exd5 Qxd5+ 26. Qxd5 Nxd5 27. Ne4 Nf4+ 28. Kh2 b6 29. Nd6 Bxd6 30. Rxc8 Rxc8 31. Rxd6 Re8 32. Rd7 a6 33. h4 g6 34. Kg3 h5 35. g5 Ne2+ 36. Kf3 Ng1+ 37. Ke4 Nh3 38. f3 Nf4 39. Rd6 Ng2 40. Rxg6 Nxh4 41. Rh6 a5 42. Rxh5 Ng6 43. b5 Kg7 44. Rh1 Rc8 45. Rc1 Rf8 46. Rc7+ Rf7 47. Rxf7+ Kxf7 48. Bxe5 Nh4 49. Bc7 Kg6 50. f4 Nf5 51. a4 1-0

[Event "Monarque blanc"]
[Site "Gatineau CAN"]
[Date "2007.01.16"]
[Round "1"]
[White "Laferriere, Bruno"]
[Black "Dupont, Claude"]
[Result "1-0"]
[WhiteElo "1880"]
[BlackElo "1395"]
[PlyCount "63"]
[GameId "2160767910726832"]
[EventDate "2007.01.16"]
[EventType "swiss"]
[EventRounds "7"]
[EventCountry "CAN"]
[SourceTitle "EXT 2022"]
[Source "ChessBase"]
[SourceDate "2021.10.06"]
[SourceVersion "1"]
[SourceVersionDate "2021.10.06"]
[SourceQuality "1"]

1. e4 c5 2. Nf3 d6 3. d4 cxd4 4. Nxd4 Nc6 5. Nc3 Bd7 6. Be3 a6 7. Qd2 g6 8. Be2 Bg7 9. f4 Nf6 10. h3 O-O 11. Bf3 Nxd4 12. Bxd4 Bc6 13. O-O-O b5 14. g4 Rc8 15. Kb1 a5 16. h4 b4 17. Nd5 Nxd5 18. exd5 Bb5 19. Bxg7 Kxg7 20. h5 f6 21. hxg6 hxg6 22. f5 g5 23. Rh5 Rh8 24. Rdh1 Rxh5 25. Rxh5 Qc7 26. Qh2 Kf7 27. Rh7+ Ke8 28. Be4 Kd7 29. Qf2 Qc5 30. Qe1 Qc4 31. Bd3 Qc5 32. Qxe7# 1-0

[Event "Monarque blanc"]
[Site "Gatineau CAN"]
[Date "2007.01.16"]
[Round "1"]
[White "Laurin, Jacques"]
[Black "Kennedy, Phillip"]
[Result "1-0"]
[WhiteElo "1791"]
[BlackElo "1285"]
[PlyCount "103"]
[GameId "2160767910726833"]
[EventDate "2007.01.16"]
[EventType "swiss"]
[EventRounds "7"]
[EventCountry "CAN"]

1. c4 e5 2. Nc3 Nf6 3. Nf3 Nc6 4. g3 Be7 5. Bg2 O-O 6. O-O d5 7. cxd5 Nxd5 8. Qc2 Be6 9. a3 Qd7 10. b4 Bf6 11. Ne4 Bf5 12. Qc4 a6 13. Nc5 Qe7 14. Qxd5 Rad8 15. Qa2 e4 16. Ne1 Bxa1 17. Qxa1 Nd4 18. e3 Ne2+ 19. Kh1 c6 20. f3 Nxc1 21. Qxc1 exf3 22. Bxf3 Rd6 23. Bg2 Bc8 24. Qc2 Rfd8 25. Nf3 b6 26. Ne4 Bf5 27. Nd4 Bxe4 28. Bxe4 g6 29. Nxc6 Rxc6 30. Bxc6 Qd6 31. d4 Qe6 32. Qc3 b5 33. e4 Rc8 34. Rc1 h5 35. e5 Qf5 36. Kg2 h4 37. Rf1 h3+ 38. Kg1 Qg5 39. Qf3 Rf8 40. e6 f5 41. d5 Qe7 42. Qe3 g5 43. Qc5 Qf6 44. e7 Re8 45. Bxe8 Qb2 46. Bf7+ Kg7 47. e8=N+ Kh7 48. Qf2 Qxf2+ 49. Rxf2 f4 50. gxf4 g4 51. f5 Kh6 52. d6 1-0

[Event "Monarque blanc"]
[Site "Gatineau CAN"]
[Date "2007.01.16"]
[Round "1"]
[White "Libersan, Mattieu"]
[Black "Thompson, Daniel"]
[Result "1/2-1/2"]
[WhiteElo "1936"]
[BlackElo "1481"]
[PlyCount "63"]
[GameId "2160767910726834"]
[EventDate "2007.01.16"]
[EventType "swiss"]
[EventRounds "7"]
[EventCountry "CAN"]
[SourceTitle "EXT 2022"]
[Source "ChessBase"]
[SourceDate "2021.10.06"]
[SourceVersion "1"]
[SourceVersionDate "2021.10.06"]
[SourceQuality "1"]

1. d4 Nf6 2. c4 e5 3. dxe5 Ne4 4. Nf3 d6 5. e3 Nc6 6. exd6 Bxd6 7. Bd3 Bf5 8. Bxe4 Bxe4 9. Nc3 Qe7 10. Nxe4 Qxe4 11. Qd5 Qg6 12. O-O O-O-O 13. Qg5 Qe4 14. b3 f6 15. Qh4 Qc2 16. Nd4 Nxd4 17. exd4 g5 18. Qg4+ Kb8 19. Be3 f5 20. Qd1 Qe4 21. Re1 f4 22. f3 Qf5 23. Bf2 Rhe8 24. Qd2 g4 25. Rxe8 Rxe8 26. fxg4 Qxg4 27. Qd1 h5 28. Qxg4 hxg4 29. Re1 Rh8 30. g3 Rf8 31. c5 fxg3 32. hxg3 1/2-1/2

[Event "Monarque blanc"]
[Site "Gatineau CAN"]
[Date "2007.01.16"]
[Round "1"]
[White "Pepin, Christian"]
[Black "Maisonneuve, Paul"]
[Result "1-0"]
[WhiteElo "2011"]
[BlackElo "1523"]
[PlyCount "62"]
[GameId "2160767910726835"]
[EventDate "2007.01.16"]
[EventType "swiss"]
[EventRounds "7"]
[EventCountry "CAN"]
[SourceTitle "EXT 2022"]
[Source "ChessBase"]
[SourceDate "2021.10.06"]
[SourceVersion "1"]
[SourceVersionDate "2021.10.06"]
[SourceQuality "1"]

1. e4 d6 2. d4 Nf6 3. Bd3 g6 4. c4 Bg7 5. f4 c5 6. d5 O-O 7. Nf3 e6 8. Nc3 exd5 9. cxd5 a6 10. a4 Re8 11. O-O Nbd7 12. Re1 Qc7 13. h3 c4 14. Bc2 Rb8 15. a5 Nc5 16. e5 Nfd7 17. e6 fxe6 18. dxe6 Rxe6 19. Rxe6 Nxe6 20. Nd5 Qc5+ 21. Be3 Qb5 22. Ne7+ Kf7 23. Qxd6 Qxb2 24. Re1 Bf8 25. Qxe6+ Kxe6 26. Bd4+ Kf7 27. Ng5+ Ke8 28. Nc6+ Be7 29. Rxe7+ Kf8 30. Ne6+ Kg8 31. Rg7+ Kh8 1-0

[Event "Monarque blanc"]
[Site "Gatineau CAN"]
[Date "2007.01.16"]
[Round "1"]
[White "Rainey, Ivan"]
[Black "Guimond, Michel"]
[Result "0-1"]
[WhiteElo "1241"]
[BlackElo "1795"]
[PlyCount "70"]
[GameId "2160767910726836"]
[EventDate "2007.01.16"]
[EventType "swiss"]
[EventRounds "7"]
[EventCountry "CAN"]
[SourceTitle "EXT 2022"]
[Source "ChessBase"]
[SourceDate "2021.10.06"]
[SourceVersion "1"]
[SourceVersionDate "2021.10.06"]
[SourceQuality "1"]

1. e4 c5 2. d4 cxd4 3. c3 dxc3 4. Nxc3 Nc6 5. Bc4 g6 6. Nf3 Bg7 7. Bf4 Nf6 8. h3 d6 9. O-O Nh5 10. Be3 O-O 11. Re1 h6 12. Re2 Na5 13. Bb3 Nxb3 14. Qxb3 b6 15. Bd4 e5 16. Be3 Be6 17. Qa4 f5 18. Rd1 Kh7 19. Qc6 Rc8 20. Qxd6 Qxd6 21. Rxd6 fxe4 22. Nxe4 Bxh3 23. gxh3 Rxf3 24. Kg2 Rf7 25. Red2 Nf4+ 26. Kg3 Nh5+ 27. Kg2 Nf4+ 28. Kg3 Rcf8 29. Rd7 Ne6 30. Rxf7 Rxf7 31. a3 Nd4 32. f4 Nf5+ 33. Kf3 Nxe3 34. Kxe3 exf4+ 35. Kf3 g5 0-1

[Event "Monarque blanc"]
[Site "Gatineau CAN"]
[Date "2007.01.16"]
[Round "1"]
[White "Scantland, Patrick"]
[Black "Berthiaume, Serge"]
[Result "1-0"]
[WhiteElo "1730"]
[BlackElo "1171"]
[PlyCount "43"]
[GameId "2160767910726837"]
[EventDate "2007.01.16"]
[EventType "swiss"]
[EventRounds "7"]
[EventCountry "CAN"]
[SourceTitle "EXT 2022"]
[Source "ChessBase"]
[SourceDate "2021.10.06"]
[SourceVersion "1"]
[SourceVersionDate "2021.10.06"]
[SourceQuality "1"]

1. e4 e5 2. Nf3 d6 3. d4 exd4 4. Nxd4 Nf6 5. Nc3 b6 6. Bc4 Bb7 7. Qf3 Nbd7 8. Bg5 Ne5 9. Qe2 Nxc4 10. Qxc4 Be7 11. O-O-O Qd7 12. f3 d5 13. exd5 Nxd5 14. Bxe7 Nxe7 15. Ndb5 Nd5 16. Rhe1+ Kf8 17. Nxd5 Re8 18. Rxe8+ Qxe8 19. Nbxc7 Qe5 20. Qb4+ Kg8 21. Ne7+ Kf8 22. Rd8# 1-0

[Event "Monarque blanc"]
[Site "Gatineau CAN"]
[Date "2007.01.16"]
[Round "1"]
[White "Szalay, Karoly"]
[Black "Levesque, Andre"]
[Result "1-0"]
[WhiteElo "1842"]
[BlackElo "1388"]
[PlyCount "44"]
[GameId "2160767910726839"]
[EventDate "2007.01.16"]
[EventType "swiss"]
[EventRounds "7"]
[EventCountry "CAN"]
[SourceTitle "EXT 2022"]
[Source "ChessBase"]
[SourceDate "2021.10.06"]
[SourceVersion "1"]
[SourceVersionDate "2021.10.06"]
[SourceQuality "1"]

1. e4 c5 2. Nf3 Nc6 3. d4 cxd4 4. Nxd4 g6 5. Nc3 Bg7 6. Be3 Nf6 7. Bc4 O-O 8. Bb3 Qa5 9. f3 a6 10. Qd2 d6 11. O-O-O Bd7 12. Kb1 b5 13. g4 b4 14. Nce2 Rac8 15. h4 e6 16. h5 gxh5 17. gxh5 Nxh5 18. Rdg1 Kh8 19. Rg5 f5 20. Rgxh5 Nxd4 21. Nxd4 Rf6 22. Nxf5 exf5 1-0

[Event "Monarque blanc"]
[Site "Gatineau CAN"]
[Date "2007.01.23"]
[Round "2"]
[White "Arsenault, Yves"]
[Black "Rainey, Ivan"]
[Result "1-0"]
[WhiteElo "1500"]
[BlackElo "1241"]
[PlyCount "63"]
[GameId "2160767910726842"]
[EventDate "2007.01.16"]
[EventType "swiss"]
[EventRounds "7"]
[EventCountry "CAN"]
[SourceTitle "EXT 2022"]
[Source "ChessBase"]
[SourceDate "2021.10.06"]
[SourceVersion "1"]
[SourceVersionDate "2021.10.06"]
[SourceQuality "1"]

1. e4 e5 2. Nf3 Nc6 3. Bb5 d6 4. d4 Bd7 5. Bxc6 Bxc6 6. d5 Bd7 7. c4 b6 8. Nc3 h6 9. O-O Nf6 10. Bd2 c6 11. Rc1 cxd5 12. cxd5 Rc8 13. b4 a6 14. a4 Rc4 15. Qb3 Qc7 16. b5 a5 17. Rfe1 Bg4 18. Ne2 Rxc1 19. Rxc1 Qd7 20. Ng3 Be7 21. h3 Bxf3 22. Qxf3 g6 23. Rc6 Bd8 24. Be3 Ke7 25. Bxb6 Bxb6 26. Rxb6 Rc8 27. Rc6 Rxc6 28. dxc6 Qd8 29. Qe3 h5 30. Qa7+ Ke6 31. b6 d5 32. b7 1-0

[Event "Monarque blanc"]
[Site "Gatineau CAN"]
[Date "2007.01.23"]
[Round "2"]
[White "Berthiaume, Serge"]
[Black "Blouin, Francois"]
[Result "1-0"]
[WhiteElo "1171"]
[BlackElo "1519"]
[PlyCount "56"]
[GameId "2160767910726844"]
[EventDate "2007.01.16"]
[EventType "swiss"]
[EventRounds "7"]
[EventCountry "CAN"]
[SourceTitle "EXT 2022"]
[Source "ChessBase"]
[SourceDate "2021.10.06"]
[SourceVersion "1"]
[SourceVersionDate "2021.10.06"]
[SourceQuality "1"]

1. d4 Nf6 2. c4 e6 3. a3 b6 4. Nc3 Bb7 5. Bg5 Be7 6. Nf3 O-O 7. e3 d6 8. Bd3 c5 9. d5 e5 10. e4 h6 11. Bh4 Nh7 12. Bg3 Bc8 13. O-O f5 14. Nxe5 dxe5 15. Bxe5 Bd6 16. f4 fxe4 17. Bxe4 Bf5 18. Qd3 Bxe4 19. Nxe4 Be7 20. d6 Bf6 21. Qd5+ Kh8 22. Qxa8 Rf7 23. Nxf6 gxf6 24. Qd5 Kg7 25. Bc3 Nd7 26. Rae1 Nhf8 27. Re3 Ng6 28. Rg3 Kh7 1-0

[Event "Monarque blanc"]
[Site "Gatineau CAN"]
[Date "2007.01.23"]
[Round "2"]
[White "Brousseau, Yvan"]
[Black "Scantland, Patrick"]
[Result "1-0"]
[WhiteElo "2011"]
[BlackElo "1730"]
[PlyCount "181"]
[GameId "2160767910726845"]
[EventDate "2007.01.16"]
[EventType "swiss"]
[EventRounds "7"]
[EventCountry "CAN"]
[SourceTitle "EXT 2022"]
[Source "ChessBase"]
[SourceDate "2021.10.06"]
[SourceVersion "1"]
[SourceVersionDate "2021.10.06"]
[SourceQuality "1"]

1. b3 Nf6 2. Bb2 g6 3. e4 d6 4. g3 Bg7 5. Bg2 e5 6. Ne2 Bd7 7. O-O O-O 8. f4 Re8 9. fxe5 dxe5 10. c4 Na6 11. Ba3 c6 12. Nbc3 Qb6+ 13. Kh1 Rad8 14. Na4 Qc7 15. Rc1 Bg4 16. h3 Bxe2 17. Qxe2 Qd7 18. Rf2 b6 19. Kh2 Nc7 20. Rcf1 Re6 21. Nc3 Qd3 22. Qxd3 Rxd3 23. g4 h6 24. Rd1 Bf8 25. Bxf8 Kxf8 26. Rf3 Rxf3 27. Bxf3 Rd6 28. Na4 Ne6 29. Kg2 Ng5 30. c5 bxc5 31. Nxc5 Rd4 32. d3 Nd7 33. Nxd7+ Rxd7 34. Be2 Ne6 35. Kf2 g5 36. Rc1 Nd4 37. Ke3 Ke7 38. h4 Kd6 39. h5 Rb7 40. Rc4 Rb4 41. Rxb4 Nc2+ 42. Kd2 Nxb4 43. a3 Na6 44. b4 Nc7 45. a4 Ne6 46. Kc3 Nd4 47. Bd1 a6 48. Kc4 f6 49. Kc3 c5 50. Kc4 cxb4 51. Kxb4 Nc6+ 52. Kc4 Nd4 53. Kb4 Kc6 54. Kc4 a5 55. Bb3 Nf3 56. Bd1 Nd2+ 57. Kc3 Nf1 58. d4 exd4+ 59. Kxd4 Kd6 60. Be2 Nd2 61. Kd3 Nb3 62. Kc3 Nc5 63. Kc4 Nxe4 64. Bd3 Nc5 65. Bc2 Ne6 66. Bd1 Nc7 67. Be2 Ke5 68. Kc5 Nd5 69. Bd1 Ne3 70. Be2 f5 71. gxf5 Nxf5 72. Kb6 Nd4 73. Bc4 g4 74. Kxa5 g3 75. Bf1 Nb3+ 76. Kb4 Nd2 77. Bg2 Ne4 78. a5 Nd6 79. a6 Nc8 80. Kc5 Kf4 81. Kd5 Ke3 82. Ke5 Kf2 83. Be4 g2 84. Bxg2 Kxg2 85. Kf5 Kf3 86. Kg6 Ke4 87. Kxh6 Kd5 88. Kg5 Ke6 89. Kg6 Ne7+ 90. Kg7 Nf5+ 91. Kh7 1-0

[Event "Monarque blanc"]
[Site "Gatineau CAN"]
[Date "2007.01.23"]
[Round "2"]
[White "Chartrand, Jean Bruno"]
[Black "Cossette, Daniel"]
[Result "0-1"]
[WhiteElo "1836"]
[BlackElo "2137"]
[PlyCount "46"]
[GameId "2160767910726846"]
[EventDate "2007.01.16"]
[EventType "swiss"]
[EventRounds "7"]
[EventCountry "CAN"]
[SourceTitle "EXT 2022"]
[Source "ChessBase"]
[SourceDate "2021.10.06"]
[SourceVersion "1"]
[SourceVersionDate "2021.10.06"]
[SourceQuality "1"]

1. d4 d5 2. c4 e6 3. Nc3 c5 4. cxd5 exd5 5. Nf3 Nc6 6. Bf4 Nf6 7. e3 a6 8. h3 c4 9. Be2 Bf5 10. a3 Be7 11. O-O O-O 12. Ne5 Na5 13. b4 cxb3 14. Bd3 Bxd3 15. Qxd3 Rc8 16. Nf3 Nc4 17. Nd2 Nb2 18. Qb1 Rxc3 19. Qxb2 Rc2 20. Qxb3 Rxd2 21. f3 Qa5 22. Bg3 Qb5 23. Qxb5 axb5 0-1

[Event "Monarque blanc"]
[Site "Gatineau CAN"]
[Date "2007.01.23"]
[Round "2"]
[White "Guimond, Michel"]
[Black "Arsenault, Michel"]
[Result "1-0"]
[WhiteElo "1795"]
[BlackElo "2053"]
[PlyCount "55"]
[GameId "2160767910726848"]
[EventDate "2007.01.16"]
[EventType "swiss"]
[EventRounds "7"]
[EventCountry "CAN"]
[SourceTitle "EXT 2022"]
[Source "ChessBase"]
[SourceDate "2021.10.06"]
[SourceVersion "1"]
[SourceVersionDate "2021.10.06"]
[SourceQuality "1"]

1. e4 c5 2. Nf3 e6 3. d4 cxd4 4. Nxd4 Nf6 5. Bd3 Nc6 6. Be3 d6 7. O-O Be7 8. Qe2 O-O 9. f4 e5 10. fxe5 dxe5 11. Nxc6 bxc6 12. h3 Nd7 13. Bc4 Nc5 14. Bxf7+ Rxf7 15. Rxf7 Ba6 16. Qf3 Bc4 17. Rf5 g6 18. Nd2 Be6 19. Rxe5 Rb8 20. Rf1 Qd7 21. Rxc5 Rxb2 22. Nb3 Rxa2 23. Re5 Rxc2 24. Rxe6 Bb4 25. Nc5 Bxc5 26. Bxc5 Rxg2+ 27. Kxg2 Qd2+ 28. Kh1 1-0

[Event "Monarque blanc"]
[Site "Gatineau CAN"]
[Date "2007.01.23"]
[Round "2"]
[White "Iyamuremye, Gervais"]
[Black "Kennedy, Phillip"]
[Result "1-0"]
[WhiteElo "1539"]
[BlackElo "1285"]
[PlyCount "115"]
[GameId "2160767910726849"]
[EventDate "2007.01.16"]
[EventType "swiss"]
[EventRounds "7"]
[EventCountry "CAN"]

1. e4 c5 2. b3 d6 3. Bb2 e5 4. d3 Nf6 5. Be2 Nc6 6. Nf3 Be7 7. O-O O-O 8. Nc3 Be6 9. Ng5 Qd7 10. Nb5 Nd4 11. Bxd4 Qxb5 12. Nxe6 cxd4 13. Nxf8 Kxf8 14. f4 Rc8 15. a4 Qd7 16. h3 Rc6 17. Ra2 Qc7 18. g4 Ke8 19. b4 d5 20. b5 Rc3 21. f5 dxe4 22. dxe4 Rxh3 23. Rf3 Rh4 24. Qd3 Rxg4+ 25. Rg3 Rxe4 26. Rxg7 Qd7 27. b6 a6 28. Bh5 Re1+ 29. Kf2 Re3 30. Bxf7+ Kf8 31. Be6 Rxd3 32. Rf7+ Ke8 33. Bxd7+ Kxf7 34. Be6+ Ke8 35. cxd3 Ng4+ 36. Kf3 Ne3 37. Rh2 Bc5 38. f6 Bxb6 39. Rxh7 Bc5 40. Rxb7 Bd6 41. Rb6 Bc7 42. Rxa6 Nf1 43. Ra8+ Bd8 44. f7+ Ke7 45. Rxd8 Nd2+ 46. Ke2 Kxd8 47. f8=Q+ Kc7 48. Kxd2 Kb6 49. Qa8 e4 50. a5+ Kb5 51. dxe4 d3 52. a6 Kb6 53. Qb7+ Kc5 54. a7 Kd6 55. a8=Q Kxe6 56. Qd5+ Ke7 57. Qdc6 Kf7 58. Qa7+ 1-0